000
00324nam a2200145Ia 4500
020
_a
0749405619
082
_a
657.45 DUN
100
_a
Dunn, J.
_9
5720
245
_a
Auditing explained
260
_a
London:
_b
Kogan Page
_c
1989
300
_a
122p. 21cm.
500
_a
Includes index
650
_a
Auditing
_9
5721
942
_c
BK
999
_c
1120
_d
1120